000
00252nam a22001097a 4500
041
_a
ENG
245
_a
An Introduction To Geographical Information Systems
260
_a
Delhi
_b
Pearson
_c
2002
300
_a
295
650
_a
M.Tech
856
_u
M.Tech -(7)
999
_c
1008
_d
1008